[Event "LSS No Engine Cup 71 Preliminary 3"]
[Site "LSS email"]
[Date "2012.08.27"]
[Round "?"]
[White "Bortnicker, Justin"]
[Black "Loehr, Roland"]
[Result "0-1"]
[WhiteElo "808"]
[BlackElo "1791"]
[PlyCount "42"]
[EventDate "2012.08.28"]
[EventType "tourn (corr)"]
[EventRounds "6"]
[EventCountry "GER"]
[SourceTitle "Telechess CBM 165"]
[Source "ChessBase"]
[SourceDate "2015.03.11"]
[SourceVersion "1"]
[SourceVersionDate "2015.03.11"]
[SourceQuality "1"]

1. d4 Nf6 2. Nc3 d6 3. Nf3 g6 4. Bg5 Bg7 5. h3 c6 6. Qd2 Nbd7 7. Bh6 0-0 8. Bxg7 Kxg7 9. 0-0-0 b5 10. a3 a5 11. Nb1 Qb6 12. c3 c5 13. e3 b4 14. axb4 cxb4 15. c4 a4 16. Bd3 Bb7 17. d5 Nc5 18. Bc2 a3 19. bxa3 bxa3 20. Nxa3 Rxa3 21. Nd4 Ra1+ 0-1

[Event "LSS No Engine Cup 70 Preliminary 3"]
[Site "LSS email"]
[Date "2012.08.21"]
[Round "?"]
[White "Loehr, Roland"]
[Black "Digalakis, Georgios"]
[Result "0-1"]
[WhiteElo "1793"]
[BlackElo "1610"]
[PlyCount "44"]
[EventDate "2012.08.22"]
[EventType "tourn (corr)"]
[EventRounds "6"]
[EventCountry "GER"]
[SourceTitle "Telechess CBM 165"]
[Source "ChessBase"]
[SourceDate "2015.03.11"]
[SourceVersion "1"]
[SourceVersionDate "2015.03.11"]
[SourceQuality "1"]

1. Nf3 Nf6 2. c4 e6 3. e4 Nxe4 4. Qc2 Nf6 5. d4 c5 6. Bd3 Nc6 7. Be3 b6 8. a3 cxd4 9. Nxd4 Bb7 10. 0-0 Be7 11. Nd2 0-0 12. N2f3 Rc8 13. Qe2 d5 14. Rfd1 Nxd4 15. Bxd4 dxc4 16. Bxc4 Qc7 17. Bb3 Nd5 18. Ne5 Bf6 19. Nf3 Nf4 20. Qe3 Bxd4 21. Rxd4 Bxf3 22. Qxf3 Ng6 0-1

[Event "LSS No Engine Cup 70 Preliminary 3"]
[Site "LSS email"]
[Date "2012.08.21"]
[Round "?"]
[White "Winter, Malcolm J"]
[Black "Loehr, Roland"]
[Result "0-1"]
[WhiteElo "1131"]
[BlackElo "1793"]
[PlyCount "38"]
[EventDate "2012.08.22"]
[EventType "tourn (corr)"]
[EventRounds "6"]
[EventCountry "GER"]
[SourceTitle "Corr 2015"]
[Source "ChessBase"]
[SourceDate "2015.07.17"]
[SourceVersion "1"]
[SourceVersionDate "2015.07.17"]
[SourceQuality "1"]

1. d4 d6 2. Nf3 g6 3. c3 Nf6 4. Bg5 Bg7 5. Nbd2 Nbd7 6. e3 0-0 7. Bd3 c6 8. 0-0 Qc7 9. Rc1 e5 10. dxe5 dxe5 11. e4 Nc5 12. Qe2 Be6 13. Bxf6 Bxf6 14. Bc4 Rfd8 15. Rfd1 Rd7 16. b4 Bxc4 17. Nxc4 Rxd1+ 18. Rxd1 Ne6 19. Rd3 Nf4 0-1

[Event "LSS No Engine Cup 68 Preliminary 4"]
[Site "LSS email"]
[Date "2012.06.30"]
[Round "?"]
[White "Loehr, Roland"]
[Black "Lonyuk, Bohdan"]
[Result "1-0"]
[WhiteElo "1791"]
[BlackElo "1184"]
[PlyCount "59"]
[EventDate "2012.07.01"]
[EventType "tourn (corr)"]
[EventRounds "6"]
[EventCountry "GER"]
[SourceTitle "Telechess CBM 163"]
[Source "ChessBase"]
[SourceDate "2014.11.11"]
[SourceVersion "2"]
[SourceVersionDate "2014.11.11"]
[SourceQuality "1"]

1. g3 d5 2. Bg2 c6 3. c4 e6 4. Qc2 Nf6 5. Nf3 dxc4 6. a4 a5 7. Na3 Bxa3 8. Rxa3 b5 9. axb5 cxb5 10. Nd4 b4 11. Ra1 Ra7 12. Qxc4 Rc7 13. Qb5+ Bd7 14. Qg5 0-0 15. 0-0 Nd5 16. Qxd8 Rxd8 17. Rxa5 Nc6 18. Nxc6 Bxc6 19. d3 Ra8 20. Rxa8+ Bxa8 21. Bd2 b3 22. Rc1 Rc2 23. Kf1 g6 24. Bh6 f5 25. Rxc2 bxc2 26. Ke1 f4 27. Kd2 Kf7 28. gxf4 Kf6 29. Bg5+ Kf5 30. e4+ 1-0

[Event "LSS No Engine Cup 68 Preliminary 4"]
[Site "LSS email"]
[Date "2012.06.30"]
[Round "?"]
[White "Loehr, Roland"]
[Black "Martindale, Roger"]
[Result "1-0"]
[WhiteElo "1791"]
[BlackElo "687"]
[PlyCount "29"]
[EventDate "2012.07.01"]
[EventType "tourn (corr)"]
[EventRounds "6"]
[EventCountry "GER"]
[SourceTitle "Corr 2015"]
[Source "ChessBase"]
[SourceDate "2015.07.17"]
[SourceVersion "1"]
[SourceVersionDate "2015.07.17"]
[SourceQuality "1"]

1. d4 d5 2. c4 dxc4 3. e4 b5 4. a4 bxa4 5. Bxc4 Bd7 6. Bxf7+ Kxf7 7. Qh5+ g6 8. Qd5+ e6 9. Qxa8 Bc6 10. Qxa7 Bxe4 11. Nf3 Bb4+ 12. Bd2 Bxd2+ 13. Nbxd2 Nf6 14. Ng5+ Kg7 15. Nxe6+ 1-0

[Event "LSS No Engine Cup 67 Preliminary 2"]
[Site "LSS email"]
[Date "2012.06.11"]
[Round "?"]
[White "Linart, Ludvik"]
[Black "Loehr, Roland"]
[Result "0-1"]
[WhiteElo "881"]
[BlackElo "1793"]
[PlyCount "42"]
[EventDate "2012.06.12"]
[EventType "tourn (corr)"]
[EventRounds "6"]
[EventCountry "GER"]
[SourceTitle "Telechess CBM 165"]
[Source "ChessBase"]
[SourceDate "2015.03.11"]
[SourceVersion "1"]
[SourceVersionDate "2015.03.11"]
[SourceQuality "1"]
[WhiteTeam "Brazil"]
[WhiteTeamCountry "BRA"]

1. d4 Nf6 2. Bg5 c5 3. Bxf6 gxf6 4. d5 Qb6 5. Qc1 f5 6. Na3 Bg7 7. c3 d6 8. e3 Nd7 9. Nc4 Qc7 10. Bd3 Nf6 11. Qc2 Nxd5 12. Bxf5 Bxf5 13. Qxf5 Nxc3 14. Qc2 Nd5 15. Nf3 Nb4 16. Qd2 b5 17. Na3 Qb7 18. 0-0 Bf6 19. Nb1 Rg8 20. Ne1 Bxb2 21. Qxb2 Nd3 0-1

[Event "LSS No Engine Cup 67 Preliminary 2"]
[Site "LSS email"]
[Date "2012.06.11"]
[Round "?"]
[White "Loehr, Roland"]
[Black "Koenig, Michael"]
[Result "0-1"]
[WhiteElo "1793"]
[BlackElo "1435"]
[PlyCount "36"]
[EventDate "2012.06.12"]
[EventType "tourn (corr)"]
[EventRounds "6"]
[EventCountry "GER"]
[SourceTitle "Corr 2015"]
[Source "ChessBase"]
[SourceDate "2015.07.17"]
[SourceVersion "1"]
[SourceVersionDate "2015.07.17"]
[SourceQuality "1"]

1. g3 e5 2. Bg2 Nc6 3. c4 Nf6 4. Nc3 Bc5 5. e3 0-0 6. Nge2 d6 7. d4 exd4 8. exd4 Bb4 9. 0-0 Bg4 10. Be3 Bxc3 11. bxc3 Na5 12. Qd3 Qd7 13. d5 Qa4 14. c5 Qc4 15. Qxc4 Nxc4 16. Nd4 dxc5 17. Nb5 Nxe3 18. fxe3 Rfd8 0-1

[Event "LSS No Engine Cup 66 Preliminary 4"]
[Site "LSS email"]
[Date "2012.05.28"]
[Round "?"]
[White "Loehr, Roland"]
[Black "Fernandez, Paco"]
[Result "1-0"]
[WhiteElo "1898"]
[BlackElo "834"]
[PlyCount "29"]
[EventDate "2012.05.29"]
[EventType "tourn (corr)"]
[EventRounds "6"]
[EventCountry "GER"]
[SourceTitle "Corr 2015"]
[Source "ChessBase"]
[SourceDate "2015.07.17"]
[SourceVersion "1"]
[SourceVersionDate "2015.07.17"]
[SourceQuality "1"]

1. c4 c5 2. Nc3 Nc6 3. g3 g6 4. Bg2 Bg7 5. e4 e5 6. Nge2 Nf6 7. 0-0 0-0 8. d3 d6 9. h3 Be6 10. f4 exf4 11. gxf4 Nh5 12. f5 Bd7 13. Nd5 Nb4 14. Nxb4 cxb4 15. d4 1-0

[Event "LSS No Engine Cup 23 Final"]
[Site "LSS email"]
[Date "2010.11.28"]
[Round "?"]
[White "Campbell, Iain S"]
[Black "Loehr, Roland"]
[Result "1-0"]
[WhiteElo "1474"]
[BlackElo "1751"]
[PlyCount "29"]
[EventDate "2010.11.29"]
[EventType "tourn (corr)"]
[EventRounds "6"]
[EventCountry "GER"]
[SourceTitle "Corr 2013"]
[Source "ChessBase"]
[SourceDate "2012.11.12"]
[SourceVersion "1"]
[SourceVersionDate "2012.11.12"]
[SourceQuality "1"]

1. c4 e5 2. g3 Nc6 3. Nc3 g6 4. Bg2 Bg7 5. e4 Nge7 6. Nge2 0-0 7. 0-0 d6 8. d3 Be6 9. Nd5 h6 10. Be3 Nd4 11. Qd2 Kh7 12. f4 c6 13. Nxe7 Qxe7 14. Rab1 f5 15. b4 1-0

[Event "LSS No Engine Cup 23 Preliminary 4"]
[Site "LSS email"]
[Date "2010.06.04"]
[Round "?"]
[White "Billion, Paul"]
[Black "Loehr, Roland"]
[Result "0-1"]
[WhiteElo "778"]
[BlackElo "1839"]
[PlyCount "42"]
[EventDate "2010.06.05"]
[EventType "tourn (corr)"]
[EventRounds "6"]
[EventCountry "GER"]
[SourceTitle "Telechess CBM 147"]
[Source "ChessBase"]
[SourceDate "2012.03.16"]
[SourceVersion "1"]
[SourceVersionDate "2012.03.16"]
[SourceQuality "1"]

1. d4 Nf6 2. c4 e5 3. dxe5 Ng4 4. Nf3 Nc6 5. Nc3 Bc5 6. e3 Ngxe5 7. Be2 0-0 8. 0-0 Re8 9. b3 a5 10. Bb2 Nxf3+ 11. Bxf3 Ne5 12. Nd5 Ra6 13. Rc1 Rh6 14. a3 Qh4 15. h3 d6 16. Nxc7 Bxh3 17. g3 Nxf3+ 18. Qxf3 Bg4 19. Qg2 Qh5 20. Nxe8 Bf3 21. Nxg7 Qh1+ 0-1

[Event "OP-2010-0-01174"]
[Site "LSS email"]
[Date "2010.06.02"]
[Round "?"]
[White "Acess, Mandro"]
[Black "Loehr, Roland"]
[Result "1/2-1/2"]
[WhiteElo "1290"]
[BlackElo "1758"]
[PlyCount "52"]
[EventDate "2010.05.26"]
[EventType "tourn (corr)"]
[EventRounds "4"]
[EventCountry "GER"]
[SourceTitle "Telechess CBM 145"]
[Source "Chessbase"]
[SourceDate "2011.11.11"]
[SourceVersion "1"]
[SourceVersionDate "2011.11.11"]
[SourceQuality "1"]

1. d4 Nf6 2. Bf4 e6 3. e3 b6 4. Nf3 Bb7 5. c4 d5 6. Nc3 Bd6 7. Bxd6 Qxd6 8. Qa4+ c6 9. Rc1 0-0 10. cxd5 exd5 11. Bd3 Nbd7 12. 0-0 Rfe8 13. h3 Ne4 14. Bxe4 dxe4 15. Nd2 Nf6 16. Nc4 Qe7 17. Qb3 Rac8 18. Rfd1 Red8 19. Qc2 c5 20. dxc5 Qxc5 21. Qa4 a6 22. Qb3 b5 23. Na5 Ba8 24. Rxd8+ Rxd8 25. Ne2 Qb6 26. Qb4 Nd5 1/2-1/2

[Event "OP-2010-0-01173"]
[Site "LSS email"]
[Date "2010.06.01"]
[Round "?"]
[White "Siger, Imre Csaba"]
[Black "Loehr, Roland"]
[Result "1/2-1/2"]
[WhiteElo "2047"]
[BlackElo "1814"]
[PlyCount "103"]
[EventDate "2010.05.25"]
[EventType "tourn (corr)"]
[EventRounds "4"]
[EventCountry "GER"]
[SourceTitle "Telechess CBM 145"]
[Source "Chessbase"]
[SourceDate "2011.11.11"]
[SourceVersion "1"]
[SourceVersionDate "2011.11.11"]
[SourceQuality "1"]

1. e4 d6 2. d4 Nf6 3. Nc3 e5 4. Nf3 Nbd7 5. Bc4 Be7 6. 0-0 0-0 7. Re1 c6 8. a4 Qc7 9. b3 Nb6 10. Be2 a5 11. Ba3 Re8 12. h3 d5 13. Bxe7 Rxe7 14. Bf1 Nxe4 15. Nxe4 dxe4 16. Rxe4 exd4 17. Rxe7 Qxe7 18. Qxd4 Nd5 19. Bd3 Be6 20. Re1 Qb4 21. c4 Nf6 22. Re3 h6 23. Bc2 Re8 24. Ne5 Bc8 25. g4 Qf8 26. Qb6 Qa3 27. Kg2 Qd6 28. Qxa5 b6 29. Qc3 c5 30. Kf1 Qc7 31. Re1 Bb7 32. h4 Nd7 33. Nxd7 Rxe1+ 34. Kxe1 Qxd7 35. Qe5 Qd8 36. g5 hxg5 37. hxg5 Kf8 38. Ke2 Qe7 39. Qxe7+ Kxe7 40. Ke3 Bc6 41. Bd1 f6 42. Kf4 Ke6 43. Bg4+ Kf7 44. Bc8 Ke7 45. Bf5 Kf7 46. g6+ Ke7 47. Ke3 Kd6 48. f4 Be8 49. Kd2 Kc7 50. Kc3 Kb7 51. Kd3 Kc7 52. Be4 1/2-1/2

[Event "Mittelfrankenliga-B2a 0506"]
[Site "Germany"]
[Date "2006.04.30"]
[Round "9.3"]
[White "Loehr, Roland"]
[Black "Weidenhoefer, Martin"]
[Result "1/2-1/2"]
[WhiteElo "1958"]
[BlackElo "1910"]
[PlyCount "27"]
[EventDate "2005.10.16"]
[EventType "team"]
[EventRounds "9"]
[EventCountry "GER"]
[SourceTitle "EXT 2007"]
[Source "ChessBase"]
[SourceDate "2006.11.23"]
[SourceVersion "1"]
[SourceVersionDate "2006.11.23"]
[SourceQuality "1"]

1. c4 e5 2. Nc3 d6 3. g3 Be6 4. Bg2 c6 5. d3 Nd7 6. e4 f5 7. Bh3 g6 8. exf5 gxf5 9. Qh5+ Bf7 10. Qxf5 Ne7 11. Qxd7+ Qxd7 12. Bxd7+ Kxd7 13. Be3 Nf5 14. Nge2 1/2-1/2

[Event "Mittelfrankenliga-B2a 0506"]
[Site "Germany"]
[Date "2005.10.16"]
[Round "1.3"]
[White "Loehr, Roland"]
[Black "Koerber, Thomas"]
[Result "1/2-1/2"]
[WhiteElo "1958"]
[BlackElo "1920"]
[PlyCount "60"]
[EventDate "2005.10.16"]
[EventType "team"]
[EventRounds "9"]
[EventCountry "GER"]
[SourceTitle "EXT 2007"]
[Source "ChessBase"]
[SourceDate "2006.11.23"]
[SourceVersion "1"]
[SourceVersionDate "2006.11.23"]
[SourceQuality "1"]

1. c4 Nf6 2. Nc3 e6 3. e4 d5 4. e5 d4 5. exf6 dxc3 6. bxc3 Qxf6 7. d4 c5 8. Nf3 h6 9. Be2 Bd6 10. 0-0 0-0 11. Be3 Rd8 12. Qb3 b6 13. Ne5 Bb7 14. f4 Qe7 15. Bf3 Bxf3 16. Rxf3 Qc7 17. Raf1 Nc6 18. Nxc6 Qxc6 19. f5 exf5 20. Rxf5 Rd7 21. d5 Qc7 22. h3 Re8 23. Bf4 Rde7 24. Qa4 f6 25. Bxd6 Qxd6 26. Qd1 Re3 27. Qg4 Kh7 28. R5f3 R3e4 29. Qf5+ Kh8 30. Qg6 Re1 1/2-1/2